000 00561nam a2200217Ia 4500
003 OSt
005 20220925220910.0
006 a|||||r|||| 00| 0
007 ta
008 220923b |||||||| |||| 00| 0 eng d
037 _cGeneral Book
040 _aRTL
_cRTL
_beng
041 _2eng
_aeng
082 _aY:3(N), M1
100 _aWolff Janet
245 0 _aSocial production of art
260 _aLondon
_bMacmillan Press
_c1981
300 _aix, 196p
_ccm.
942 _hY:3(N), M1
_cGB
_2CC
999 _c572787
_d572787